=LDR 00000nam 2200000 4500 =001 INLIS000000000025446 =005 20130612123944 =008 ***********************************Ind** =035 ##$$0010-061300000025446 =041 ##$$a Ind =082 ##$$a 028.5 =090 ##$$a 028.5, Utr g =100 ##$$a Utami, Deiza Saqina =245 ##$$a Seri binatang yang disebut dalam al Quran, Gajah, Deniza Saqina Utami =260 ##$$a 2006 $b Bandung =300 ##$$a 30 hlm, ilus, 29 cm =650 ##$$a Gajah =850 ##$$a NBPNMAT =990 ##$$a 09800980 =990 ##$$a 30702106